000 00830nam a2200265Ia 4500
003 OSt
005 20220930081356.0
006 a|||||r|||| 00| 0
007 ta
008 220926b |||||||| |||| 00| 0 hin d
024 _a105125
037 _cTheses
040 _aCRL
_cCRL
_bhin
041 _2hin
_ahin
100 _aNandi Panchali
_9541216
110 _aUniversity of Delhi. Faculty of Music and Fine Arts. Department of Music
_9520437
245 0 _aProf Dhruvtara Joshi
_b Vyaktittva aur krittva
260 _c2009
300 _a184p.
_ap.
_ccm.
650 _aMUSIC
_917402
700 _a Dr. Prateek Chaudhuri Gu.
_9541217
700 _aUniversity of Delhi. Faculty of Music and Fine Arts. Department of Music
_9520438
942 _cDIS
_2CC
999 _c871364
_d871364